000 01132cam a2200277 a 4500
001 000010554
005 20200929162240.0
008 990520s1996 sp a b 000 0 spa
020 _a847820332X
040 _aDO-SdBNP
_bspa
_cDLC
_dBNPHU
082 _a929.6
_bM379h
100 1 _aMartín-Bueno, Manuel.
_925607
245 1 3 _aLa heráldica de Pedro IV y Juan I en el Palacio Real de la Aljafería /
_cManuel Martín-Bueno, J. Carlos Sáenz Preciado y Alfonso Monforte Espallargas.
260 _aZaragoza, España :
_bInstitución Fernando el Católico,
_c1996.
300 _a96 p. :
_bil. ;
_c30 cm.
504 _aIncluye Referencias bibliográficas p. 65-67.
651 4 _aAragón (España{Rpara}
_xReyes Y Gobernates
_xHeráldica
_925608
650 4 _aHeráldica
_zAragón España
_925609
610 2 4 _aALJAFERÍA (ZARAGOZA, ESPAÑA).
_925610
600 1 4 _aPEDRO
_bIV,
_cREY DE ARAGÓN
_d131?-1387.
_925611
600 1 4 _aJUAN
_bI,
_cREY DE ARAGÓN
_d1350-1396.
_925612
700 1 _aSáenz Preciado, J. Carlos.
_925613
700 1 _aMonforte Espallargas, Alfonso.
_925614
910 _aCatalogación por copia / LC
049 _aBNGR
999 _c10312
_d10312